[Event "Temuco op 1st"]
[Site "Temuco"]
[Date "2023.10.07"]
[Round "3"]
[White "Silva Sanchez, Carlos"]
[Black "Ballesteros Cardenas, Leonardo"]
[Result "1/2-1/2"]
[WhiteElo "2346"]
[BlackElo "2111"]
[PlyCount "96"]
[EventDate "2023.10.06"]
[EventType "swiss"]
[EventRounds "7"]
[EventCountry "CHI"]
[SourceTitle "Mega2024 Update 01"]
[Source "Chessbase"]
[SourceDate "2023.11.12"]
[SourceVersion "1"]
[SourceVersionDate "2023.11.12"]
[SourceQuality "1"]

1. d4 Nf6 2. Nc3 d5 3. Bg5 Nbd7 4. e3 e6 5. Bd3 Be7 6. Nf3 c5 7. 0-0 0-0 8. a3 h6 9. Bh4 a6 10. dxc5 Nxc5 11. b4 Nxd3 12. cxd3 b6 13. Bxf6 Bxf6 14. d4 Bb7 15. Qd3 Qd6 16. Ne2 Rfc8 17. Rfc1 Bc6 18. Nc3 Rc7 19. Nd2 Bb7 20. f4 Rac8 21. Ne2 Qd7 22. Rxc7 Rxc7 23. Rc1 Be7 24. Rxc7 Qxc7 25. Qc3 Qxc3 26. Nxc3 a5 27. Na2 Ba6 28. Kf2 Kf8 29. Ke1 Ke8 30. Kd1 Bd3 31. Kc1 Kd7 32. Kb2 Kc6 33. Nb3 axb4 34. Nxb4+ Bxb4 35. axb4 Be4 36. g3 Kb5 37. Kc3 Ka4 38. h4 Bf3 39. Nc1 Be4 40. g4 Kb5 41. g5 f6 42. gxh6 gxh6 43. Ne2 Kc6 44. Kb3 Bf3 45. Ng3 Bd1+ 46. Kc3 Bg4 47. Kd3 Kb5 48. Kc3 Kc6 1/2-1/2

[Event "Mercosur ol 1st"]
[Site "Mar del Plata"]
[Date "2009.06.26"]
[Round "7"]
[White "Silva Sanchez, Carlos"]
[Black "Peralta, Fernando"]
[Result "1/2-1/2"]
[WhiteElo "2375"]
[BlackElo "2545"]
[PlyCount "52"]
[EventDate "2009.06.20"]
[EventType "team-tourn"]
[EventRounds "7"]
[EventCountry "ARG"]
[SourceTitle "CBM 131 Extra"]
[Source "ChessBase"]
[SourceDate "2009.09.03"]
[SourceVersion "2"]
[SourceVersionDate "2009.09.16"]
[SourceQuality "1"]

1. e4 d6 2. d4 Nf6 3. Nc3 g6 4. Bc4 Bg7 5. Bb3 0-0 6. f3 Nc6 7. Nge2 Na5 8. Bg5 c6 9. Qd2 b5 10. h4 e5 11. 0-0-0 Nxb3+ 12. axb3 Qa5 13. Kb1 b4 14. Na2 Ba6 15. Ng3 c5 16. d5 Rab8 17. Bh6 Bc8 18. h5 Rb6 19. Ne2 Qb5 20. Nec1 Qd7 21. g4 Qe7 22. Bg5 Ba6 23. Bh6 Bb5 24. Rh3 Rb7 25. Rdh1 Re8 26. Bxg7 Kxg7 1/2-1/2

[Event "Dos Hermanas Internet qual-D 10th"]
[Site "ICC INT"]
[Date "2009.03.14"]
[Round "10"]
[White "Dunne, Alex"]
[Black "Silva Sanchez, Carlos"]
[Result "0-1"]
[WhiteElo "2220"]
[BlackElo "2388"]
[PlyCount "130"]
[EventDate "2009.03.14"]
[EventType "swiss (blitz)"]
[EventRounds "12"]
[EventCountry "ESP"]
[SourceTitle "EXT 2010"]
[Source "ChessBase"]
[SourceDate "2010.11.25"]
[SourceVersion "1"]
[SourceVersionDate "2010.11.25"]
[SourceQuality "1"]

1. d4 Nf6 2. c4 c5 3. d5 e5 4. Nc3 d6 5. e4 Be7 6. Nf3 0-0 7. Be2 Nbd7 8. 0-0 Ne8 9. Nd2 Bg5 10. f3 Be3+ 11. Kh1 g6 12. a3 Ng7 13. b4 b6 14. Nb3 Bxc1 15. Qxc1 Nh5 16. g3 Ba6 17. f4 Ng7 18. b5 Bc8 19. Bg4 a5 20. a4 Qe7 21. Qd1 exf4 22. gxf4 f5 23. exf5 Nxf5 24. Qe1 Qxe1 25. Raxe1 Nf6 26. Bxf5 Bxf5 27. Nd2 Rae8 28. Kg2 Ng4 29. Kg3 Ne3 30. Rf3 Nc2 31. Rxe8 Rxe8 32. Kf2 Bg4 33. Rg3 Bf5 34. Rf3 Nd4 35. Re3 Rf8 36. Re7 Rf7 37. Rxf7 Kxf7 38. Ke3 Ke7 39. Nf3 Nxf3 40. Kxf3 Bd3 41. Ne4 Bxc4 42. Ng5 h5 43. Ne6 Bxd5+ 44. Ke3 Bxe6 45. Kd3 Bb3 46. Kc3 Bxa4 47. Kc4 Bxb5+ 48. Kxb5 Ke6 49. Kxb6 d5 50. Kxc5 a4 51. Kb4 a3 52. Kxa3 Kf5 53. Kb4 Ke4 54. Kc3 d4+ 55. Kd2 Kxf4 56. Kd3 Kf3 57. Kxd4 Kg2 58. Kd5 h4 59. Ke5 g5 60. Kf5 h3 61. Kxg5 Kxh2 62. Kf4 Kg2 63. Kg4 h2 64. Kf4 h1Q 65. Ke3 Qh4 0-1

[Event "CHI-ch 0809"]
[Site "Santiago de Chile"]
[Date "2009.02.18"]
[Round "7"]
[White "Silva Sanchez, Carlos"]
[Black "Cuevas Araya, Walter"]
[Result "1/2-1/2"]
[WhiteElo "2388"]
[BlackElo "2182"]
[PlyCount "103"]
[EventDate "2009.01.13"]
[EventType "tourn"]
[EventRounds "11"]
[EventCountry "CHI"]
[SourceTitle "EXT 2012"]
[Source "ChessBase"]
[SourceDate "2011.11.24"]
[SourceVersion "1"]
[SourceVersionDate "2011.11.24"]
[SourceQuality "1"]

1. d4 Nf6 2. Nf3 g6 3. c4 d5 4. cxd5 Nxd5 5. g3 Bg7 6. Bg2 0-0 7. 0-0 Na6 8. e4 Nb6 9. h3 c5 10. d5 f5 11. Nc3 fxe4 12. Ng5 Bxc3 13. bxc3 Qxd5 14. Qe1 Nc7 15. Nxe4 Qc4 16. Qe3 Nbd5 17. Qxc5 Qxc5 18. Nxc5 Nxc3 19. Bh6 Rf5 20. Nxb7 Bxb7 21. Bxb7 Rb8 22. Bg2 Rb2 23. Be3 a6 24. a3 N7d5 25. Bxd5+ Rxd5 26. Kg2 Kf7 27. Rfc1 Rd3 28. Bd4 Rb3 29. Bxc3 Rdxc3 30. a4 Rxc1 31. Rxc1 Rb4 32. a5 Rb5 33. Ra1 e5 34. f4 Ke6 35. Kf3 Kd6 36. Rd1+ Rd5 37. fxe5+ Kxe5 38. Ra1 Kd4 39. Kf4 Rf5+ 40. Kg4 Kc4 41. Kh4 Rh5+ 42. Kg4 Kb4 43. Rb1+ Kxa5 44. Rb7 Ka4 45. h4 a5 46. Kh3 Rh6 47. Rb6 Ka3 48. g4 a4 49. Kg3 Ka2 50. Kh3 a3 51. Kg3 Ka1 52. Kh3 1/2-1/2

[Event "CHI-ch 0809"]
[Site "Santiago de Chile"]
[Date "2009.02.16"]
[Round "5"]
[White "Silva Sanchez, Carlos"]
[Black "Rios Escobar, Adan"]
[Result "1/2-1/2"]
[WhiteElo "2388"]
[BlackElo "2280"]
[PlyCount "78"]
[EventDate "2009.01.13"]
[EventType "tourn"]
[EventRounds "11"]
[EventCountry "CHI"]
[SourceTitle "EXT 2012"]
[Source "ChessBase"]
[SourceDate "2011.11.24"]
[SourceVersion "1"]
[SourceVersionDate "2011.11.24"]
[SourceQuality "1"]

1. e4 c5 2. Nf3 d6 3. d4 cxd4 4. Nxd4 Nf6 5. Nc3 Nc6 6. Bc4 Qb6 7. Nb3 e6 8. 0-0 Be7 9. Be2 0-0 10. Be3 Qc7 11. f4 a6 12. a4 b6 13. Bf3 Bb7 14. g4 Nd7 15. g5 Na5 16. Nd2 Rfe8 17. Qe2 Rac8 18. Rad1 d5 19. exd5 exd5 20. Bxd5 Bc5 21. Nde4 Bxd5 22. Rxd5 Bxe3+ 23. Qxe3 Nc5 24. Qf3 Nab7 25. Qg2 Nxe4 26. Nxe4 Qxc2 27. Nc3 Qxg2+ 28. Kxg2 Rc4 29. Kf3 Nc5 30. Re1 Kf8 31. Rxe8+ Kxe8 32. Re5+ Kd8 33. Rf5 Ke8 34. Re5+ Kf8 35. Ne4 Nxe4 36. Rxe4 Rc6 37. h4 a5 38. b4 Rc3+ 39. Kg4 axb4 1/2-1/2

[Event "CHI-ch 0809"]
[Site "Santiago de Chile"]
[Date "2009.02.14"]
[Round "2"]
[White "Lopez Silva, Hugo Andres"]
[Black "Silva Sanchez, Carlos"]
[Result "1/2-1/2"]
[WhiteElo "2376"]
[BlackElo "2388"]
[PlyCount "122"]
[EventDate "2009.01.13"]
[EventType "tourn"]
[EventRounds "11"]
[EventCountry "CHI"]
[SourceTitle "EXT 2012"]
[Source "ChessBase"]
[SourceDate "2011.11.24"]
[SourceVersion "1"]
[SourceVersionDate "2011.11.24"]
[SourceQuality "1"]

1. e4 c5 2. Nf3 e6 3. d4 cxd4 4. Nxd4 a6 5. Nc3 Qc7 6. g3 Bb4 7. Bd2 Nc6 8. Nxc6 bxc6 9. Bg2 Nf6 10. 0-0 Be7 11. Na4 0-0 12. c4 d6 13. Re1 Nd7 14. Bf4 e5 15. Be3 Nc5 16. Nxc5 dxc5 17. f4 f6 18. f5 Rd8 19. Qe2 Bd7 20. Qf2 Qb6 21. Bf3 Be8 22. Rab1 a5 23. b3 Rd4 24. Qc2 Rad8 25. Red1 Qb4 26. a4 Kf8 27. Kf2 Bf7 28. Be2 R8d7 29. Rb2 Ra7 30. Bd2 Qb8 31. Bc3 Qd6 32. Rbb1 Bd8 33. Qc1 Re7 34. Qe3 Bc7 35. Rd2 Qd8 36. Ke1 Qb8 37. Rbb2 Qe8 38. Kd1 Qb8 39. Kc2 Qe8 40. Rd1 Qb8 41. Rf1 Red7 42. Rbb1 Bd8 43. Rg1 Rb7 44. Rb2 Qd6 45. g4 h6 46. h4 Ra7 47. Rbb1 Rb7 48. Bd3 Ra7 49. Be2 Re7 50. Rg3 Rb7 51. Rb2 Rc7 52. Kb1 Rb7 53. Ka2 Ra7 54. Bd3 Be7 55. Be2 Qd8 56. Rg1 Rad7 57. Rg3 Ra7 58. Bd3 Rad7 59. Bc2 Ra7 60. Qe2 Qb6 61. Re3 Qd8 1/2-1/2

[Event "Santiago CC Aj Talcahuano-A"]
[Site "Santiago de Chile"]
[Date "2003.08.??"]
[Round "?"]
[White "Llorens Sepulveda, Marcelo"]
[Black "Silva Sanchez, Carlos"]
[Result "0-1"]
[WhiteElo "2374"]
[BlackElo "2388"]
[PlyCount "124"]
[EventDate "2003.08.??"]
[EventType "tourn"]
[EventRounds "11"]
[EventCountry "CHI"]
[EventCategory "3"]
[SourceTitle "EXT 2009"]
[Source "ChessBase"]
[SourceDate "2008.11.26"]
[SourceVersion "1"]
[SourceVersionDate "2008.11.26"]
[SourceQuality "1"]

1. e4 g6 2. d4 Bg7 3. Nc3 c6 4. Be3 d5 5. f3 e6 6. Nge2 Nd7 7. Qd2 b5 8. Ng3 Nb6 9. e5 Qc7 10. Bd3 h5 11. Bg5 a6 12. 0-0 c5 13. Bxb5+ axb5 14. Nxb5 Qc6 15. Nd6+ Kf8 16. Qf4 Ra7 17. c3 Ba6 18. Rfd1 Nc8 19. Nxc8 Bxc8 20. c4 Rd7 21. b4 cxd4 22. Rac1 dxc4 23. Rxd4 Qb6 24. Rcxc4 Rxd4 25. Rxd4 Ne7 26. Kh1 Nd5 27. Qe4 Bd7 28. Rd1 Kg8 29. a3 Nc3 30. Qd4 Qxd4 31. Rxd4 Nd5 32. f4 Kh7 33. Ne4 Rc8 34. h3 Rc1+ 35. Kh2 Rc2 36. Rd2 Rxd2 37. Nxd2 f6 38. exf6 Nxf6 39. Kg1 Nd5 40. Kf2 Nc3 41. Be7 Bd4+ 42. Ke1 Be3 43. g3 Bxd2+ 44. Kxd2 Nb1+ 45. Kd3 Nxa3 46. Kd4 Kg7 47. g4 Kf7 48. Bc5 Kf6 49. Bb6 Bb5 50. Bd8+ Kf7 51. gxh5 gxh5 52. h4 Kg6 53. Bg5 Kf5 54. Bh6 Bf1 55. Bg5 Nb5+ 56. Kc5 Nc3 57. Kd4 Nd5 58. Kc5 Nxf4 59. b5 e5 60. b6 Bg2 61. Kc4 Ba8 62. Kc3 Nd5+ 0-1

[Event "Santiago CC Aj Talcahuano-A"]
[Site "Santiago de Chile"]
[Date "2003.08.??"]
[Round "?"]
[White "Navarro, Nelson"]
[Black "Silva Sanchez, Carlos"]
[Result "0-1"]
[WhiteElo "2350"]
[BlackElo "2388"]
[PlyCount "66"]
[EventDate "2003.08.??"]
[EventType "tourn"]
[EventRounds "11"]
[EventCountry "CHI"]
[EventCategory "3"]
[SourceTitle "EXT 2009"]
[Source "ChessBase"]
[SourceDate "2008.11.26"]
[SourceVersion "1"]
[SourceVersionDate "2008.11.26"]
[SourceQuality "1"]

1. d4 Nf6 2. Nf3 g6 3. Bg5 Bg7 4. Nbd2 0-0 5. c3 d6 6. e4 c5 7. dxc5 dxc5 8. Be2 Nc6 9. 0-0 Qc7 10. Qc2 h6 11. Bh4 Nh5 12. Rfe1 b6 13. Nc4 Bb7 14. Ne3 e6 15. Rad1 g5 16. Bg3 Nxg3 17. hxg3 Rad8 18. Nd2 Ne7 19. Rf1 Ng6 20. a4 a6 21. Ndc4 Bc6 22. Bh5 b5 23. axb5 axb5 24. Bxg6 fxg6 25. Nd2 Kh7 26. Qb3 c4 27. Qb4 Rf7 28. Ndxc4 Rxd1 29. Rxd1 bxc4 30. Qxc4 Qb7 31. Qxe6 Bxe4 32. f3 Re7 33. Qc4 Qb6 0-1

[Event "Internet Section 16-A"]
[Site "Dos Hermanas"]
[Date "2003.03.16"]
[Round "3"]
[White "Fridman, Daniel"]
[Black "Silva Sanchez, Carlos"]
[Result "1-0"]
[WhiteElo "2577"]
[BlackElo "2388"]
[PlyCount "67"]
[EventDate "2003.03.16"]
[EventType "swiss (blitz)"]
[EventRounds "9"]
[EventCountry "ESP"]
[SourceTitle "EXT 2004"]
[Source "ChessBase"]
[SourceDate "2003.11.25"]
[SourceVersion "1"]
[SourceVersionDate "2003.11.25"]
[SourceQuality "1"]

1. d4 Nf6 2. Nf3 g6 3. c4 Bg7 4. g3 0-0 5. Bg2 d5 6. cxd5 Nxd5 7. 0-0 Nb6 8. Nc3 Nc6 9. e3 e5 10. d5 Na5 11. e4 Nac4 12. a4 a5 13. b3 Nd6 14. Ba3 Re8 15. Rc1 Bd7 16. Ne1 Bh6 17. Rc2 f5 18. Nd3 Nxe4 19. Nxe4 fxe4 20. Nc5 Bf5 21. Nxb7 Qxd5 22. Rxc7 Qxd1 23. Rxd1 Rec8 24. Rxc8+ Rxc8 25. Nxa5 e3 26. Nc6 Rc7 27. Rd8+ Kg7 28. Bf8+ Kf6 29. Bxh6 e2 30. Rd6+ Be6 31. Bd2 Nc8 32. Rd3 Bd7 33. Rc3 Nd6 34. Nxe5 1-0

[Event "Internet Section 16-A"]
[Site "Dos Hermanas"]
[Date "2003.03.16"]
[Round "4"]
[White "Silva Sanchez, Carlos"]
[Black "Henriksson, Jacob"]
[Result "1/2-1/2"]
[WhiteElo "2388"]
[BlackElo "2161"]
[PlyCount "98"]
[EventDate "2003.03.16"]
[EventType "swiss (blitz)"]
[EventRounds "9"]
[EventCountry "ESP"]
[SourceTitle "EXT 2004"]
[Source "ChessBase"]
[SourceDate "2003.11.25"]
[SourceVersion "1"]
[SourceVersionDate "2003.11.25"]
[SourceQuality "1"]

1. e4 e5 2. Nf3 Nc6 3. d4 exd4 4. Nxd4 Nf6 5. Nxc6 bxc6 6. e5 Qe7 7. Qe2 Nd5 8. c4 Nb6 9. b3 a5 10. a3 c5 11. Nc3 a4 12. Nb5 Kd8 13. h4 f6 14. Bf4 d6 15. exd6 Qxe2+ 16. Bxe2 cxd6 17. bxa4 Rxa4 18. Bxd6 Nxc4 19. Bxf8 Rxf8 20. Rc1 Be6 21. 0-0 Ke7 22. Rfe1 Ne5 23. Rxc5 Rc8 24. Rxc8 Bxc8 25. Ra1 Rxh4 26. a4 Ba6 27. a5 Nc6 28. Nd4 Rxd4 29. Bxa6 Rd5 30. Re1+ Kd6 31. Be2 Rxa5 32. Bf3 Re5 33. Rd1+ Kc7 34. Rc1 Re6 35. Bd5 Rd6 36. Be4 Kd7 37. Bxh7 Ne5 38. Kf1 g6 39. Bg8 Ke7 40. Bb3 f5 41. Re1 Kf6 42. f3 Rd3 43. Bc2 Rd2 44. Re2 Rxe2 45. Kxe2 f4 46. Kf2 g5 47. g3 fxg3+ 48. Kxg3 Nc4 49. f4 gxf4+ 1/2-1/2

[Event "Internet Section 16-A"]
[Site "Dos Hermanas"]
[Date "2003.03.16"]
[Round "8"]
[White "Silva Sanchez, Carlos"]
[Black "Salomon, Danny"]
[Result "0-1"]
[WhiteElo "2388"]
[BlackElo "2100"]
[PlyCount "66"]
[EventDate "2003.03.16"]
[EventType "swiss (blitz)"]
[EventRounds "9"]
[EventCountry "ESP"]
[SourceTitle "EXT 2004"]
[Source "ChessBase"]
[SourceDate "2003.11.25"]
[SourceVersion "1"]
[SourceVersionDate "2003.11.25"]
[SourceQuality "1"]

1. e4 c5 2. d4 cxd4 3. Nf3 d6 4. Nxd4 Nf6 5. Nc3 a6 6. f3 e5 7. Nde2 Be6 8. g4 Nbd7 9. g5 Nh5 10. Ng3 Nf4 11. h4 h6 12. gxh6 Rxh6 13. h5 Qg5 14. Nce2 Bc4 15. Nf5 Bxe2 16. Qxe2 Rxh5 17. Rxh5 Qxh5 18. Bxf4 exf4 19. 0-0-0 Rc8 20. Rxd6 g6 21. Qd1 Rd8 22. Rd5 gxf5 23. Bc4 Qh8 24. Rxf5 Ne5 25. Bd5 Bc5 26. c3 Be3+ 27. Kb1 f6 28. Qa4+ Rd7 29. a3 Qh1+ 30. Ka2 Nd3 31. Be6 Nc1+ 32. Kb1 Nb3+ 33. Kc2 Qd1# 0-1

[Event "Internet Section 14-B"]
[Site "Dos Hermanas"]
[Date "2003.03.14"]
[Round "8"]
[White "Heimsoth, Sven Holger"]
[Black "Silva Sanchez, Carlos"]
[Result "0-1"]
[WhiteElo "2171"]
[BlackElo "2388"]
[PlyCount "64"]
[EventDate "2003.03.14"]
[EventType "swiss (blitz)"]
[EventRounds "9"]
[EventCountry "ESP"]
[SourceTitle "EXT 2004"]
[Source "ChessBase"]
[SourceDate "2003.11.25"]
[SourceVersion "1"]
[SourceVersionDate "2003.11.25"]
[SourceQuality "1"]

1. d4 Nf6 2. Nc3 g6 3. e4 d6 4. f4 Bg7 5. Nf3 0-0 6. e5 dxe5 7. fxe5 Nd5 8. Bc4 c6 9. 0-0 Be6 10. Qe2 Nxc3 11. bxc3 Bxc4 12. Qxc4 Qd5 13. Qxd5 cxd5 14. Ba3 Nc6 15. Rab1 b6 16. Rb5 Rad8 17. c4 dxc4 18. d5 a6 19. Rxb6 Nxe5 20. Nxe5 Bxe5 21. Rxa6 Rxd5 22. Bxe7 Re8 23. Bb4 c3 24. Rc6 Rd2 25. Bxc3 Rxc2 26. Bxe5 Rxc6 27. Bd4 Ra6 28. Ra1 Ra4 29. Bc5 Re2 30. a3 Rc4 31. Bf2 Rcc2 32. Rf1 Ra2 0-1

[Event "Olympiad-34"]
[Site "Istanbul"]
[Date "2000.10.31"]
[Round "4.3"]
[White "Sasaki, Katsumi"]
[Black "Silva Sanchez, Carlos"]
[Result "1/2-1/2"]
[WhiteElo "2171"]
[BlackElo "2407"]
[PlyCount "56"]
[EventDate "2000.10.28"]
[EventType "team-swiss"]
[EventRounds "14"]
[EventCountry "TUR"]
[SourceTitle "EXT 2001"]
[Source "ChessBase"]
[SourceDate "2000.11.22"]
[SourceVersion "1"]
[SourceVersionDate "2000.11.22"]
[SourceQuality "1"]
[WhiteTeam "Japan"]
[BlackTeam "Chile"]
[WhiteTeamCountry "JPN"]
[BlackTeamCountry "CHI"]

1. e4 c5 2. Nf3 d6 3. d4 cxd4 4. Nxd4 Nf6 5. Nc3 a6 6. Bc4 e6 7. Bb3 b5 8. Bg5 h6 9. Bxf6 Qxf6 10. a3 Bb7 11. Qd2 Nc6 12. Nxc6 Bxc6 13. 0-0 Be7 14. Rae1 0-0 15. f4 Rad8 16. f5 Qe5 17. fxe6 fxe6 18. Rf5 Bg5 19. Qf2 Rxf5 20. exf5 Qc5 21. fxe6 Be7 22. Bd5 Rc8 23. Bxc6 Rxc6 24. Re2 Rc8 25. g3 Qh5 26. Nd5 Qxd5 27. Qf7+ Kh7 28. Qxe7 Qd1+ 1/2-1/2

[Event "Buenos Aires zt 2.5"]
[Site "Buenos Aires"]
[Date "2000.08.02"]
[Round "7"]
[White "Fiorito, Fabian"]
[Black "Silva Sanchez, Carlos"]
[Result "1-0"]
[WhiteElo "2418"]
[BlackElo "2015"]
[PlyCount "61"]
[EventDate "2000.07.26"]
[EventType "swiss"]
[EventRounds "9"]
[EventCountry "ARG"]
[SourceTitle "CBM 079"]
[Source "ChessBase"]
[SourceDate "2000.11.21"]
[SourceVersion "1"]
[SourceVersionDate "2000.11.21"]
[SourceQuality "1"]

1. e4 c5 2. Nf3 Nc6 3. Bb5 a6 4. Bxc6 dxc6 5. h3 e5 6. d3 Bd6 7. Be3 b6 8. c3 Nf6 9. Nbd2 Bc7 10. Qc2 0-0 11. b4 cxb4 12. cxb4 Bb7 13. 0-0 Nd7 14. Rad1 a5 15. bxa5 Rxa5 16. Nc4 Ra6 17. d4 exd4 18. Bxd4 Qe8 19. Ba1 Nc5 20. e5 Ne6 21. Nd6 Qa8 22. Nxb7 Qxb7 23. Nd4 Nxd4 24. Rxd4 Qa8 25. a4 b5 26. Rd7 Rxa4 27. Bb2 Bb6 28. e6 Ra7 29. Qc3 f6 30. Rfd1 Rc8 31. Qg3 1-0

[Event "Oz.com qual blitz"]
[Site "ICC INT"]
[Date "2000.03.05"]
[Round "1"]
[White "Edvardsson, Kristjan"]
[Black "Silva Sanchez, Carlos"]
[Result "0-1"]
[WhiteElo "2170"]
[BlackElo "2407"]
[PlyCount "122"]
[EventDate "2000.03.05"]
[EventType "swiss (blitz)"]
[EventRounds "9"]
[EventCountry "USA"]
[SourceTitle "EXT 2001"]
[Source "ChessBase"]
[SourceDate "2000.11.22"]
[SourceVersion "1"]
[SourceVersionDate "2000.11.22"]
[SourceQuality "1"]

1. d4 Nf6 2. Nf3 g6 3. c4 Bg7 4. Nc3 0-0 5. e4 d6 6. Be2 Nbd7 7. 0-0 e5 8. d5 a5 9. Bg5 h6 10. Bh4 g5 11. Bg3 Nh5 12. Nd2 Nf4 13. Bg4 Nc5 14. Nb3 b6 15. Nxc5 bxc5 16. Nb5 Re8 17. f3 h5 18. Bxc8 Qxc8 19. Bf2 Bf6 20. Be3 Kg7 21. Qd2 h4 22. b3 Rh8 23. Rab1 Kg6 24. Qc2 Qd7 25. a3 Kg7 26. Qd2 Kg6 27. Ra1 Rhc8 28. b4 axb4 29. axb4 cxb4 30. Qxb4 Be7 31. Na7 Rcb8 32. Qd2 Rb3 33. Nc6 Re8 34. Bxf4 gxf4 35. Qc2 Rb7 36. c5 Rb5 37. cxd6 Bxd6 38. Kh1 h3 39. gxh3 Qxh3 40. Qe2 Rb3 41. Rg1+ Kf6 42. Raf1 Rh8 43. Qg2 Qxg2+ 44. Rxg2 Rh3 45. Rgf2 Bc5 46. Rc2 Bb6 47. Kg2 Rh8 48. Rfc1 Ra3 49. Rc3 Raa8 50. Nb4 Rag8+ 51. Kh1 Rh3 52. Rc6+ Kg7 53. Kg2 Rh5 54. d6 Be3 55. Rd1 Kh7+ 56. Kh1 cxd6 57. Rcxd6 Bc5 58. Nc2 Bxd6 59. Rxd6 Rh6 60. Rd7 Rhg6 61. h4 Rg1+ 0-1

[Event "Oz.com qual blitz"]
[Site "ICC INT"]
[Date "2000.03.05"]
[Round "7"]
[White "Schiller, Eric Andrew"]
[Black "Silva Sanchez, Carlos"]
[Result "1/2-1/2"]
[WhiteElo "2165"]
[BlackElo "2407"]
[PlyCount "85"]
[EventDate "2000.03.05"]
[EventType "swiss (blitz)"]
[EventRounds "9"]
[EventCountry "USA"]
[SourceTitle "EXT 2001"]
[Source "ChessBase"]
[SourceDate "2000.11.22"]
[SourceVersion "1"]
[SourceVersionDate "2000.11.22"]
[SourceQuality "1"]

1. d4 Nf6 2. Nf3 g6 3. c4 Bg7 4. Nc3 d5 5. cxd5 Nxd5 6. Qb3 Nb6 7. Bf4 0-0 8. Rd1 c6 9. e3 Be6 10. Qc2 Nd5 11. Be5 f6 12. Bg3 Nd7 13. h4 N7b6 14. a3 Nxc3 15. bxc3 Nc4 16. a4 Bf7 17. Bd3 b5 18. h5 Qe8 19. Nh4 f5 20. Nf3 Bd5 21. Ng5 Bf6 22. Nxh7 Kxh7 23. hxg6+ Kg8 24. Bxf5 Bg7 25. e4 Rxf5 26. exf5 Qd7 27. axb5 cxb5 28. Be5 Rf8 29. Rh7 Bxe5 30. dxe5 Nxe5 31. Qd2 Qxf5 32. Qxd5+ e6 33. Qd4 Qxg6 34. Qxe5 Kxh7 35. Rd7+ Rf7 36. Rd4 Qb1+ 37. Rd1 Qf5 38. Qh2+ Kg7 39. Qg3+ Qg6 40. Qxg6+ Kxg6 41. Rd6 Kf5 42. Ra6 Rc7 43. Kd2 1/2-1/2

[Event "Buenos Aires zt 2.5"]
[Site "Buenos Aires"]
[Date "2000.??.??"]
[Round "1"]
[White "Giaccio, Alfredo Gustavo"]
[Black "Silva Sanchez, Carlos"]
[Result "1-0"]
[WhiteElo "2505"]
[BlackElo "2015"]
[PlyCount "71"]
[EventDate "2000.07.26"]
[EventType "swiss"]
[EventRounds "9"]
[EventCountry "ARG"]
[SourceTitle "CBM 079"]
[Source "ChessBase"]
[SourceDate "2000.11.21"]
[SourceVersion "1"]
[SourceVersionDate "2000.11.21"]
[SourceQuality "1"]

1. e4 c5 2. Nf3 d6 3. d4 cxd4 4. Nxd4 Nf6 5. Nc3 a6 6. f4 Qc7 7. a4 g6 8. Bd3 Bg7 9. Nf3 Nbd7 10. 0-0 0-0 11. Qe1 e5 12. Kh1 b6 13. Qh4 Bb7 14. fxe5 dxe5 15. Bg5 Rae8 16. Nd2 Re6 17. Rf3 Nh5 18. Nd5 Bxd5 19. exd5 Rd6 20. Be7 Rxd5 21. Bxf8 Nxf8 22. Qc4 Qxc4 23. Nxc4 f5 24. Nxb6 Rd6 25. a5 e4 26. Bc4+ Kh8 27. Rff1 Bxb2 28. Rad1 Rc6 29. g4 Nf6 30. gxf5 Bc3 31. fxg6 Bxa5 32. Nd5 N6d7 33. Rd4 e3 34. Nxe3 Bb6 35. g7+ Kxg7 36. Rg4+ 1-0

[Event "Buenos Aires zt 2.5"]
[Site "Buenos Aires"]
[Date "2000.??.??"]
[Round "4"]
[White "Peralta, Eduardo"]
[Black "Silva Sanchez, Carlos"]
[Result "0-1"]
[WhiteElo "2330"]
[BlackElo "2015"]
[PlyCount "106"]
[EventDate "2000.07.26"]
[EventType "swiss"]
[EventRounds "9"]
[EventCountry "ARG"]
[SourceTitle "CBM 079"]
[Source "ChessBase"]
[SourceDate "2000.11.21"]
[SourceVersion "1"]
[SourceVersionDate "2000.11.21"]
[SourceQuality "1"]

1. d4 Nf6 2. Nf3 g6 3. Nc3 d5 4. Bg5 Bg7 5. Bxf6 Bxf6 6. e4 dxe4 7. Nxe4 Bg7 8. Bc4 0-0 9. c3 Nd7 10. 0-0 Nf6 11. Nxf6+ Bxf6 12. Re1 Bg4 13. h3 Bxf3 14. Qxf3 b6 15. Rad1 Qd6 16. Re4 Qc6 17. Bb3 a5 18. a4 Rad8 19. h4 Kg7 20. h5 b5 21. hxg6 hxg6 22. Qe2 Rb8 23. d5 Qb6 24. Rd2 Bg5 25. Rc2 bxa4 26. Bxa4 Qd6 27. Bc6 Rh8 28. g3 Rh5 29. Qf3 Rbh8 30. Rce2 Bf6 31. Re1 Qd8 32. Ra4 Qb8 33. Re2 Qb3 34. Qd3 Rh1+ 35. Kg2 R1h2+ 36. Kg1 Qb8 37. Rf4 Qc8 38. d6 cxd6 39. Bd5 e6 40. Rxf6 Kxf6 41. Qd4+ e5 42. Qa7 R8h7 43. Re3 R2h5 44. Qb6 Kg7 45. Qxd6 Qf5 46. Re1 Qf6 47. Qc7 Rf5 48. Qa7 Rh8 49. Qxa5 Rd8 50. Qc5 Rh5 51. Be4 Rd2 52. b4 Qd8 53. b5 Re2 0-1

[Event "Buenos Aires zt 2.5"]
[Site "Buenos Aires"]
[Date "2000.??.??"]
[Round "6"]
[White "Spangenberg, Hugo"]
[Black "Silva Sanchez, Carlos"]
[Result "1/2-1/2"]
[WhiteElo "2542"]
[BlackElo "2015"]
[PlyCount "76"]
[EventDate "2000.07.26"]
[EventType "swiss"]
[EventRounds "9"]
[EventCountry "ARG"]
[SourceTitle "CBM 079"]
[Source "ChessBase"]
[SourceDate "2000.11.21"]
[SourceVersion "1"]
[SourceVersionDate "2000.11.21"]
[SourceQuality "1"]

1. e4 c5 2. Nf3 d6 3. d4 cxd4 4. Nxd4 Nf6 5. Nc3 a6 6. g3 Nc6 7. Bg2 Bd7 8. 0-0 e6 9. a4 Be7 10. Nb3 Ne5 11. Qe2 Qc7 12. Kh1 Qc4 13. Qd1 Rd8 14. f4 Ng6 15. Be3 h5 16. h3 e5 17. f5 Nf8 18. Nd2 Qc7 19. a5 Rc8 20. Bb6 Qb8 21. Nd5 Nxd5 22. exd5 h4 23. g4 Nh7 24. c4 Bd8 25. b4 Bg5 26. Rc1 0-0 27. Rc3 Bb5 28. Rf2 Bxd2 29. Rxd2 Rxc4 30. Rxc4 Bxc4 31. Qc1 Bb3 32. Rb2 Rc8 33. Qe1 Ba4 34. Qxh4 Rc1+ 35. Kh2 f6 36. Be3 Rc2 37. Rxc2 Bxc2 38. Qf2 Qc7 1/2-1/2

[Event "Olympiad-33"]
[Site "Elista"]
[Date "1998.10.06"]
[Round "8.4"]
[White "Sakalauskas, Vaidas"]
[Black "Silva Sanchez, Carlos"]
[Result "1-0"]
[WhiteElo "2410"]
[BlackElo "2395"]
[PlyCount "87"]
[EventDate "1998.09.29"]
[EventType "team-swiss"]
[EventRounds "13"]
[EventCountry "RUS"]
[SourceTitle "CBM 068"]
[Source "ChessBase"]
[SourceDate "1999.02.01"]
[SourceVersion "1"]
[SourceVersionDate "1999.02.01"]
[SourceQuality "1"]
[WhiteTeam "Lithuania"]
[BlackTeam "Chile"]
[WhiteTeamCountry "LTU"]
[BlackTeamCountry "CHI"]

1. d4 Nf6 2. c4 c5 3. d5 d6 4. Nc3 g6 5. e4 Bg7 6. Bd3 0-0 7. h3 e6 8. Bg5 exd5 9. cxd5 h6 10. Be3 Re8 11. Nf3 c4 12. Bc2 b5 13. a3 Nbd7 14. 0-0 a6 15. Qd2 Kh7 16. Rfe1 Bb7 17. Rad1 Qc7 18. Nd4 Nc5 19. Bf4 Rad8 20. Kh1 Qb6 21. Be3 Qc7 22. f3 Nfd7 23. f4 Nd3 24. Bxd3 cxd3 25. Bf2 Nc5 26. b4 Na4 27. Nxa4 bxa4 28. Rc1 Qd7 29. Qxd3 Rc8 30. f5 Rxc1 31. Rxc1 Rc8 32. Rc4 Rxc4 33. fxg6+ fxg6 34. Qxc4 Qc8 35. Nc6 Qf8 36. Bg3 Bc8 37. b5 axb5 38. Qxb5 Qf6 39. Qxa4 h5 40. Qa7 h4 41. Bf2 Qa1+ 42. Kh2 Qf1 43. Qe3 g5 44. Qf3 1-0